Revitalizácia okolia Chorvátskeho ramena v blízkosti petržalskej električkovej trate

Guardado en:
Detalles Bibliográficos
Autor principal: Dzhuhan, Ivan (Autor)
Otros Autores: Zaťovičová, Miriam (Orientador)
Formato: Manuscrito Libro
Lenguaje:eslovaco
Publicado: 2023
Materias:
Acceso en línea:http://is.stuba.sk/zp/portal_zp.pl?podrobnosti=166136
https://opac.crzp.sk/?fn=detailBiblioForm&sid=D51643D01657CDEC2992B4F06848
Etiquetas: Agregar Etiqueta
Sin Etiquetas, Sea el primero en etiquetar este registro!

MARC

LEADER 00000ntm a22000003a 4500
001 stuzp94371
003 SK-STU
005 20230918145157.8
007 ta
008 150427s2015----xo-----f-mn---000-0-slo-d
040 |a STU  |b slo 
041 0 |a slo 
100 1 |a Dzhuhan, Ivan  |u 010160  |4 aut  |U SvF Stavebná fakulta  |T SvF Katedra vodného hospodárstva krajiny  |X 112755  |U V160  |Y 16  |7 112755 
242 0 1 |a Revitalisation of the Chorvátske rameno surrounding area adjacent to the Petržalka tram line  |y eng 
245 1 0 |a Revitalizácia okolia Chorvátskeho ramena v blízkosti petržalskej električkovej trate 
260 |c 2023 
650 4 |a Chorvátske rameno  |2 slo 
650 4 |a mestský park  |2 slo 
650 4 |a Petržalka  |2 slo 
650 4 |a revitalizácia  |2 slo 
650 4 |a zelená infraštruktúra  |2 slo 
650 4 |a green infrastructure  |2 eng 
650 4 |a Chorvátske rameno  |2 eng 
650 4 |a Petržalka  |2 eng 
650 4 |a revitalization  |2 eng 
650 4 |a city park  |2 eng 
700 1 |a Zaťovičová, Miriam  |u 010160  |k Z3  |4 ths  |U SvF Stavebná fakulta  |T SvF Katedra vodného hospodárstva krajiny  |X 82407  |U V160  |Y 16  |7 82407 
856 4 |u http://is.stuba.sk/zp/portal_zp.pl?podrobnosti=166136 
856 4 |u https://opac.crzp.sk/?fn=detailBiblioForm&sid=D51643D01657CDEC2992B4F06848